000 00750nam a22002297a 4500
003 UA-OsUOA
001 47213
007 ta
008 20120606b un ||||| |||| 00| 0 ukr d
090 _a94(477).06
_bН17
942 _cBK
040 _aUA-OsUOA
_bukr
_cUA-OsUOA
_dUA-OsUOA
245 _aНад Сяном
_bМатеріяли до історії Української Галицької Армії
_cТ. V
300 _a192 с.
955 _a1
041 _aukr
080 _a94(477).06
260 _aВінніпег
_bТризуб
_c1976
650 7 _a9 Географія. Біографії. Історія
_2UDC
999 _c427320
_d427320